[Event "4NCL 2011-12"]
[Site "Hinkley ENG"]
[Date "2012.05.06"]
[Round "10.135"]
[White "Mladenov, Ilian"]
[Black "Gourlay, Iain"]
[Result "1/2-1/2"]
[BlackTitle "FM"]
[WhiteElo "2221"]
[BlackElo "2351"]
[WhiteTeam "e2e4.org.uk"]
[BlackTeam "White Rose"]
[WhiteFideId "2906180"]
[BlackFideId "2401533"]
[EventDate "2011.11.12"]

1. d4 Nf6 2. g3 c5 3. d5 b5 4. a4 b4 5. Bg2 Bb7 6. c4 g6 7. b3 Bg7 8. Bb2 d6 9.
e4 e5 10. Ne2 Nbd7 11. Nd2 Qe7 12. Nf1 O-O-O 13. Ne3 Bh6 14. Qd3 Rhf8 15. Bh3
Ne8 16. O-O Bxe3 17. Qxe3 Ng7 18. Bxd7+ Qxd7 19. f4 f6 20. fxe5 fxe5 21. Rxf8
Rxf8 22. Bxe5 Re8 23. Bb2 Qe7 24. Nf4 Nf5 25. Qe2 1/2-1/2

[Event "4NCL 2011-12"]
[Site "Hinkley ENG"]
[Date "2012.05.06"]
[Round "10.136"]
[White "Townsend, M Paul"]
[Black "Hulmes, David I"]
[Result "1/2-1/2"]
[WhiteElo "2255"]
[BlackElo "2273"]
[WhiteTeam "White Rose"]
[BlackTeam "e2e4.org.uk"]
[WhiteFideId "402320"]
[BlackFideId "412201"]
[EventDate "2011.11.12"]

1. d4 d5 2. c4 e6 3. Nf3 Nf6 4. g3 dxc4 5. Bg2 Be7 6. O-O O-O 7. Qc2 a6 8. a4
Bd7 9. Qxc4 Bc6 10. Bf4 a5 11. Nc3 Na6 12. Rfd1 Nb4 13. Rac1 Bd6 14. Bg5 Be7 15.
Ne5 Bxg2 16. Kxg2 c6 17. e4 Nd7 18. Be3 Rc8 19. f4 Nf6 20. Qe2 Qe8 21. Qf3 Nd7
22. Nc4 Ra8 23. f5 exf5 24. Qxf5 g6 25. Qf3 f6 26. d5 Ne5 27. Nxe5 fxe5 28. Qg4
Rf6 29. Rd2 Qc8 30. Qe2 Qf8 31. Qc4 Kg7 32. Bg5 Rf7 33. Bxe7 Qxe7 34. d6 Qf6 1/2-1/2

[Event "4NCL 2011-12"]
[Site "Hinkley ENG"]
[Date "2012.05.06"]
[Round "10.137"]
[White "Almond, Richard J"]
[Black "Weller, Jean-Luc"]
[Result "1/2-1/2"]
[WhiteElo "2115"]
[BlackElo "2074"]
[WhiteTeam "e2e4.org.uk"]
[BlackTeam "White Rose"]
[WhiteFideId "404179"]
[BlackFideId "421936"]
[EventDate "2011.11.12"]

1. d4 Nf6 2. c4 e6 3. Nc3 Bb4 4. Qc2 O-O 5. a3 Bxc3+ 6. Qxc3 b6 7. Bg5 Bb7 8.
Nf3 d6 9. Nd2 Nbd7 10. f3 h6 11. Bh4 c5 12. e4 Re8 13. Bf2 Qc7 14. Bd3 cxd4 15.
Bxd4 Rac8 16. O-O e5 17. Be3 b5 18. Rac1 bxc4 19. Qxc4 Qb8 20. Qa4 Nb6 21. Qb4
Ba8 22. Ba6 Rxc1 23. Rxc1 d5 24. Bc5 dxe4 25. Nxe4 Nfd5 26. Qb3 Qd8 27. Rd1 Qh4
28. a4 Nc7 1/2-1/2

[Event "4NCL 2011-12"]
[Site "Hinkley ENG"]
[Date "2012.05.06"]
[Round "10.142"]
[White "Thorfinnsson, Bragi"]
[Black "Rogers, Jonathan W"]
[Result "1-0"]
[WhiteTitle "IM"]
[BlackTitle "FM"]
[WhiteElo "2421"]
[BlackElo "2349"]
[WhiteTeam "Jutes of Kent"]
[BlackTeam "Barbican 4NCL 2"]
[WhiteFideId "2300958"]
[BlackFideId "402052"]
[EventDate "2011.11.12"]

1. Nf3 Nf6 2. c4 e6 3. Nc3 Bb4 4. Qb3 c5 5. g3 O-O 6. Bg2 a6 7. O-O Nc6 8. a3
Na5 9. Qc2 Bxc3 10. Qxc3 b5 11. d3 bxc4 12. dxc4 Rb8 13. b4 Nc6 14. Rb1 d6 15.
Be3 e5 16. bxc5 Ne4 17. Qa1 Rxb1 18. Rxb1 f5 19. cxd6 f4 20. Bb6 Qxd6 21. Rd1
Qh6 22. Nh4 g5 23. Bxe4 gxh4 24. gxh4 f3 25. Bxf3 Bf5 26. Bd5+ Be6 27. Qc1 Qxc1
28. Bxe6+ 1-0

[Event "4NCL 2011-12"]
[Site "Hinkley ENG"]
[Date "2012.05.06"]
[Round "10.143"]
[White "Morrison, Graham SCO"]
[Black "Galego, Luis"]
[Result "1/2-1/2"]
[WhiteTitle "FM"]
[BlackTitle "GM"]
[WhiteElo "2339"]
[BlackElo "2482"]
[WhiteTeam "Barbican 4NCL"]
[BlackTeam "Jutes of Kent"]
[WhiteFideId "2400090"]
[BlackFideId "1900072"]
[EventDate "2011.11.12"]

1. d4 Nf6 2. c4 e6 3. Nf3 c5 4. d5 d6 5. Nc3 a6 6. a4 e5 7. g3 g6 8. Bg2 Bg7 9.
e4 O-O 10. Bg5 h6 11. Bd2 Ne8 12. Nh4 Kh7 13. Qc2 Nd7 14. O-O b6 15. Bh3 Nc7 16.
Ng2 Rb8 17. Ne3 Nf6 18. Bxc8 Qxc8 19. Kg2 Ng4 20. Ncd1 Nxe3+ 21. Nxe3 Qd7 22.
Bc3 Rbe8 23. Rae1 h5 24. f4 exf4 25. Bxg7 f3+ 26. Rxf3 Kxg7 27. Nd1 b5 28. Nf2
bxa4 29. Ra1 f6 30. Qxa4 Qxa4 31. Rxa4 Rb8 32. b3 Rfe8 33. Ra1 Re7 34. Rf1 Rb6
35. g4 h4 36. g5 fxg5 37. Ng4 Ne8 38. Re1 Rf7 39. Rxf7+ Kxf7 40. Re3 Ng7 41.
Rf3+ Ke7 42. Nf6 Nh5 43. Ng8+ Kd7 44. Kh3 Rb8 45. Rf7+ Ke8 46. Rf3 Kd7 47. Rf7+
Ke8 48. Rf3 Rb7 49. Kg4 Rf7 50. Re3 Rf2 51. Kxg5 Rg2+ 52. Kh6 Kf7 53. Kh7 Nf6+
54. Nxf6 Kxf6 55. e5+ dxe5 56. Rf3+ Ke7 57. Kg7 Rxh2 58. Kxg6 Rg2+ 59. Kf5 Rg3
60. Ke4 Rg5 61. Rh3 Rh5 62. Kf3 Rh8 63. Kg4 Kf6 64. Rxh4 Rg8+ 65. Kf3 Rg1 66.
Rh6+ Kf5 67. Rh5+ Kf6 68. Rh6+ 1/2-1/2

[Event "4NCL 2011-12"]
[Site "Hinkley ENG"]
[Date "2012.05.06"]
[Round "10.144"]
[White "Johannesson, Ingvar Thor"]
[Black "Franklin, Samuel G A"]
[Result "1/2-1/2"]
[WhiteTitle "FM"]
[WhiteElo "2337"]
[BlackElo "2179"]
[WhiteTeam "Jutes of Kent"]
[BlackTeam "Barbican 4NCL 2"]
[WhiteFideId "2301490"]
[BlackFideId "468576"]
[EventDate "2011.11.12"]

1. c4 Nf6 2. Nc3 g6 3. Nf3 Bg7 4. g3 O-O 5. Bg2 d6 6. O-O Nc6 7. d3 e5 8. Rb1 a5
9. a3 Nd4 10. b4 axb4 11. axb4 c6 12. b5 Bg4 13. bxc6 bxc6 14. e3 Nxf3+ 15. Bxf3
h5 16. Bxg4 hxg4 17. f3 gxf3 18. Qxf3 d5 19. cxd5 cxd5 20. Rb3 Qd7 21. Rb6 e4
22. dxe4 Nxe4 23. Nxe4 dxe4 24. Qxe4 Ra1 25. Rb1 Re8 26. Qb7 Qxb7 27. Rxb7 1/2-1/2

[Event "4NCL 2011-12"]
[Site "Hinkley ENG"]
[Date "2012.05.06"]
[Round "10.145"]
[White "Coleman, David J"]
[Black "Dickenson, Neil F"]
[Result "1-0"]
[WhiteTitle "CM"]
[BlackTitle "FM"]
[WhiteElo "2244"]
[BlackElo "2322"]
[WhiteTeam "Barbican 4NCL 2"]
[BlackTeam "Jutes of Kent"]
[WhiteFideId "402087"]
[BlackFideId "401897"]
[EventDate "2011.11.12"]

1. e4 e6 2. d4 d5 3. Nc3 Bb4 4. e5 c5 5. a3 Bxc3+ 6. bxc3 Ne7 7. Qg4 Qc7 8. Bd3
c4 9. Be2 Nf5 10. Nf3 Nc6 11. h4 h5 12. Qg5 Qe7 13. Qf4 f6 14. a4 Bd7 15. Ba3
Qf7 16. Kd2 Nce7 17. a5 Ng6 18. Qh2 Bc6 19. Bc5 Qc7 20. exf6 Qxh2 21. f7+ Kxf7
22. Rxh2 Kf6 23. Re1 b6 24. axb6 axb6 25. Bb4 Ra2 26. g3 Bd7 27. Bd1 Nfe7 28.
Ng5 Nc6 29. Bd6 Nge7 30. f3 Nf5 31. Bf4 Na5 32. Reh1 Ne7 33. Be5+ Kg6 34. g4
hxg4 35. fxg4 Nec6 36. Bf4 Kf6 37. Bd6 Kg6 38. Rf2 Nb3+ 39. Ke1 Na1 40. Bf4 Kf6
41. Bd6+ Kg6 42. Nf7 Rha8 43. h5+ Kh7 44. Ng5+ Kh6 45. Nh3 e5 46. g5+ Kh7 47.
g6+ Kh6 48. Rhh2 Rb2 49. Rfg2 Bxh3 50. Rxh3 Rb1 51. Rf3 b5 52. dxe5 Re8 53. Rf8
Rxf8 54. Bxf8 Nxe5 55. Bd6 Nf3+ 56. Ke2 Kxh5 57. Bf4 Nh4 58. Rg5+ Kh6 59. Rg1+
Kh5 60. Rg5+ Kh6 61. Kd2 Rxd1+ 62. Kxd1 Nxg6 63. Be3 1-0

[Event "4NCL 2011-12"]
[Site "Hinkley ENG"]
[Date "2012.05.06"]
[Round "10.147"]
[White "Berry, Neil"]
[Black "Wilson, Alexandra"]
[Result "1/2-1/2"]
[WhiteTitle "FM"]
[BlackTitle "WFM"]
[WhiteElo "2312"]
[BlackElo "2040"]
[WhiteTeam "Barbican 4NCL 1"]
[BlackTeam "Jutes of Kent"]
[WhiteFideId "2400650"]
[BlackFideId "411000"]
[EventDate "2011.11.12"]

1. c4 e6 2. Nc3 b6 3. e4 Bb7 4. Nge2 Be7 5. g3 f5 6. Bg2 Nf6 7. d3 O-O 8. O-O
fxe4 9. dxe4 Nc6 10. h3 e5 11. Nd5 Bc5 12. Bg5 Kh8 13. Nec3 Ne7 14. Rb1 Nexd5
15. exd5 a5 16. Ne4 d6 17. g4 Qe8 18. Bxf6 gxf6 19. Ng3 Bc8 20. Be4 Rg8 21. Qf3
Qf7 22. Kh2 Bd7 23. Bf5 Raf8 24. Rg1 Bd4 25. Ne4 Bxf5 26. Qxf5 Qg6 27. b3 Kg7
28. Ng3 e4 29. Qxg6+ hxg6 30. Nxe4 Re8 31. Rge1 f5 32. gxf5 gxf5 33. Ng5 Kf6 34.
f4 Be3 35. Ne6 Rxe6 36. dxe6 Bxf4+ 37. Kh1 Be5 38. Rg1 Rh8 39. Kg2 Kxe6 40. Rh1
Rh4 41. Rbe1 a4 42. Re3 Rd4 43. Rf1 f4 44. Re2 Kf5 45. Rf3 Rd1 46. Rf1 Rd3 1/2-1/2

[Event "4NCL 2011-12"]
[Site "Hinkley ENG"]
[Date "2012.05.06"]
[Round "10.148"]
[White "Rice, Chris B"]
[Black "Bhatia, Kanwal K"]
[Result "1/2-1/2"]
[BlackTitle "WFM"]
[WhiteElo "2060"]
[BlackElo "2087"]
[WhiteTeam "Jutes of Kent"]
[BlackTeam "Barbican 4NCL"]
[WhiteFideId "404446"]
[BlackFideId "407496"]
[EventDate "2011.11.12"]

1. c4 e5 2. g3 Nc6 3. Nc3 g6 4. Bg2 Bg7 5. e4 d6 6. Nge2 f5 7. d3 Nf6 8. O-O O-O
9. Nd5 h6 10. exf5 Bxf5 11. h3 Kh7 12. Be3 Qd7 13. Kh2 Rae8 14. Qd2 Ne7 15.
Nxf6+ Rxf6 16. d4 Qc8 17. Nc3 Rf7 18. d5 Ref8 19. Rac1 Bd7 20. Ne4 Nf5 21. c5
Bb5 22. Rfe1 Nxe3 23. Qxe3 Qd8 24. Kg1 a6 25. Qb3 Bd7 26. Qe3 Bf5 27. Re2 Kh8
28. Rec2 dxc5 29. Rxc5 Qd7 30. Rxc7 Qxc7 31. Rxc7 Rxc7 32. g4 Bxe4 33. Bxe4 Rf6
34. g5 hxg5 35. Qxg5 Rd7 36. Qg4 Rdd6 37. Qc8+ Kh7 38. Qxb7 Rb6 39. Qe7 Kh6 40.
b3 Kh7 41. h4 Kg8 42. h5 gxh5 43. Qe8+ Bf8 44. Qxh5 Bc5 45. Bf5 Kf8 46. Qh8+ Ke7
47. Qg7+ Rf7 48. Qxe5+ Kf8 49. Qc3 Bxf2+ 50. Kxf2 Rxf5+ 51. Ke3 Rbf6 52. Kd4
Rf4+ 53. Kc5 Ke7 54. a4 Kd7 55. b4 Rf8 56. Qg7+ R4f7 57. Qg4+ Rf5 58. Qe4 R5f6
59. Qe5 Rc8+ 60. Kd4 Rcf8 61. b5 axb5 62. axb5 Rg6 63. Kc5 Rc8+ 64. Kb4 Rf8 65.
Qd4 Rc8 66. Qa7+ Rc7 67. Qf2 Rd6 68. Qf5+ Kd8 69. Qf8+ Kd7 70. Qg7+ Kc8 71. Qg4+
Rcd7 72. Kc4 1/2-1/2

[Event "4NCL 2011-12"]
[Site "Hinkley ENG"]
[Date "2012.05.06"]
[Round "10.151"]
[White "Mah, Karl C C"]
[Black "Jirka, Jiri"]
[Result "1/2-1/2"]
[WhiteTitle "IM"]
[BlackTitle "IM"]
[WhiteElo "2419"]
[BlackElo "2415"]
[WhiteTeam "Cambridge University"]
[BlackTeam "The AD's"]
[WhiteFideId "404381"]
[BlackFideId "311731"]
[EventDate "2011.11.12"]

1. d4 d5 2. c4 c6 3. Nc3 Nf6 4. e3 a6 5. Nf3 b5 6. c5 Nbd7 7. a3 g6 8. b4 Bg7 9.
Bb2 a5 10. Bd3 O-O 11. O-O Qc7 12. h3 Ne8 13. Qe2 e5 14. Nxe5 Nxe5 15. dxe5 Bxe5
16. f4 Bg7 17. e4 axb4 18. axb4 Rxa1 19. Bxa1 dxe4 20. Bxe4 Nf6 21. Qf3 Bd7 22.
Bd3 Re8 23. f5 Bxf5 24. Bxf5 gxf5 25. Ne2 Nd5 26. Bxg7 Kxg7 27. Nd4 f4 28. Nxb5
Qe5 29. Qg4+ Kf8 30. Nd6 Re6 31. Qh4 Kg7 32. Qg4+ Rg6 33. Qf5 Qxf5 34. Nxf5+ Kf6
35. Nd4 Ke5 36. Nf3+ Ke4 37. Re1+ Ne3 38. Re2 Kd3 39. Rf2 Kc3 40. Ne5 Re6 41.
Nxf7 Nd5 42. Nd8 Rf6 43. Re2 Kxb4 44. Re6 Kxc5 45. Rxf6 Nxf6 46. Ne6+ Kd5 47.
Nxf4+ Ke4 48. Ne6 Ke3 49. g4 Ne4 50. Kg2 c5 51. Nxc5 Nxc5 52. Kg3 Ne4+ 53. Kh4
Nf6 54. Kg5 Ng8 55. Kf5 Kf3 56. Ke6 Kg3 57. Kf7 Kxh3 58. Kxg8 Kxg4 59. Kxh7 1/2-1/2

[Event "4NCL 2011-12"]
[Site "Hinkley ENG"]
[Date "2012.05.06"]
[Round "10.152"]
[White "Cernousek, Lukas"]
[Black "Dearing, Eddie"]
[Result "0-1"]
[WhiteTitle "IM"]
[BlackTitle "IM"]
[WhiteElo "2438"]
[BlackElo "2411"]
[WhiteTeam "The AD's"]
[BlackTeam "Cambridge University"]
[WhiteFideId "311707"]
[BlackFideId "2400731"]
[EventDate "2011.11.12"]

1. d4 Nf6 2. c4 e6 3. g3 d5 4. Nf3 Bb4+ 5. Bd2 Be7 6. Bg2 O-O 7. O-O c6 8. Qc2
b6 9. Bf4 Ba6 10. b3 Nbd7 11. Rd1 Rc8 12. Nc3 Nh5 13. Bc1 f5 14. e3 Bd6 15. a4
Bb7 16. a5 Nhf6 17. Ba3 Bxa3 18. Rxa3 b5 19. a6 Ba8 20. Ne2 bxc4 21. bxc4 c5 22.
Nf4 Qe7 23. Qa2 Nb6 24. Ng5 Nxc4 25. Ngxe6 Nxa3 26. Nxf8 c4 27. N8e6 Qb4 28. Nc5
Ne4 29. Ra1 Nb5 30. Rb1 Nbc3 31. Rxb4 Nxa2 32. Rb2 Nac3 33. Nb7 Na4 34. Rc2 Rc6
35. Nd8 Rxa6 36. g4 Rd6 37. Nfe6 Rb6 38. h3 c3 39. gxf5 Rb1+ 40. Kh2 Rb2 41.
Bxe4 dxe4 42. Rc1 Rxf2+ 43. Kg3 Rxf5 44. Ra1 c2 45. Rc1 Rf3+ 46. Kg2 Rxe3 47.
Rxc2 Rc3 48. Ra2 e3+ 49. Kh2 Nb6 50. Rxa7 Rc2+ 51. Kg3 Rg2+ 52. Kh4 e2 53. Ra1
h6 0-1

[Event "4NCL 2011-12"]
[Site "Hinkley ENG"]
[Date "2012.05.06"]
[Round "10.153"]
[White "Moskovic, David M"]
[Black "Richardson, John R"]
[Result "1-0"]
[WhiteTitle "FM"]
[BlackTitle "FM"]
[WhiteElo "2324"]
[BlackElo "2331"]
[WhiteTeam "Cambridge University"]
[BlackTeam "The AD's"]
[WhiteFideId "404535"]
[BlackFideId "401617"]
[EventDate "2011.11.12"]

1. d4 Nf6 2. c4 e6 3. Nf3 d5 4. Nc3 Bb4 5. Qa4+ Nc6 6. a3 Bxc3+ 7. bxc3 Ne4 8.
Bb2 Bd7 9. Qc2 Qf6 10. e3 Qg6 11. h4 O-O-O 12. h5 Qf6 13. cxd5 exd5 14. c4 Bf5
15. Bd3 Rhe8 16. cxd5 Rxd5 17. Ne5 Nxe5 18. dxe5 Qb6 19. Bd4 Qa5+ 20. Ke2 Rexe5
21. Bxe5 Rxe5 22. Rhc1 Rc5 23. Qb2 Rd5 24. Bxe4 Bxe4 25. f3 Rg5 26. Kf2 Qf5 27.
Rf1 Bc6 28. Qb4 Qc2+ 29. Ke1 Re5 30. Qd2 Qb3 31. Kf2 Rd5 32. Qa2 Qa4 33. Rae1
Bb5 34. Qxd5 Qc2+ 35. Kg1 Bxf1 36. Rxf1 1-0

[Event "4NCL 2011-12"]
[Site "Hinkley ENG"]
[Date "2012.05.06"]
[Round "10.154"]
[White "Wheeler, Darren P"]
[Black "Eckersley-Waites, Adam"]
[Result "1-0"]
[WhiteElo "2272"]
[BlackElo "2231"]
[WhiteTeam "The AD's"]
[BlackTeam "Cambridge University"]
[WhiteFideId "410136"]
[BlackFideId "411698"]
[EventDate "2011.11.12"]

1. e4 c5 2. f4 d5 3. Nc3 d4 4. Nce2 Nc6 5. Nf3 g6 6. d3 Nf6 7. g3 Bg7 8. Bg2 O-O
9. O-O Ng4 10. h3 Ne3 11. Bxe3 dxe3 12. c3 Qb6 13. Qc1 Rd8 14. Ne1 e5 15. b3
exf4 16. gxf4 Qa5 17. Rf3 b5 18. Rxe3 b4 19. e5 Bb7 20. c4 Qc7 21. Bd5 Ne7 22.
Bxb7 Qxb7 23. Ng3 Qd7 24. Kg2 f6 25. Qb2 Nf5 26. Re4 Qc6 27. Qf2 Nxg3 28. Kxg3
fxe5 29. fxe5 Rxd3+ 30. Nxd3 Qxe4 31. Qf3 Bxe5+ 32. Nxe5 Qxe5+ 33. Kg2 Qb2+ 34.
Kg3 Qe5+ 35. Kg2 Qb2+ 36. Kg3 Rf8 37. Qd5+ Kh8 38. Qd6 Qf2+ 39. Kg4 Qf3+ 40. Kh4
Rf4+ 1-0

[Event "4NCL 2011-12"]
[Site "Hinkley ENG"]
[Date "2012.05.06"]
[Round "10.161"]
[White "Emms, John M"]
[Black "Bates, Richard A"]
[Result "1/2-1/2"]
[WhiteTitle "GM"]
[BlackTitle "IM"]
[WhiteElo "2484"]
[BlackElo "2386"]
[WhiteTeam "Wood Green Hilsmark 1"]
[BlackTeam "Blackthorne Russia"]
[WhiteFideId "400254"]
[BlackFideId "403555"]
[EventDate "2011.11.12"]

1. e4 c5 2. c3 e6 3. Nf3 d5 4. exd5 exd5 5. d4 Nf6 6. Bg5 Be7 7. Bd3 O-O 8. O-O
c4 9. Bc2 Bg4 10. Nbd2 Bh5 11. Qb1 Bg6 12. Ne5 Nbd7 13. f4 Nxe5 14. fxe5 Ng4 15.
Bxe7 Qxe7 16. Bxg6 fxg6 17. Rxf8+ Rxf8 18. Nf3 Rf4 19. Qc1 Re4 20. Qd2 Ne3 21.
Re1 Nf5 22. Qf2 h6 23. h3 Qe6 24. g4 Rxe1+ 25. Nxe1 Ne7 26. Ng2 g5 27. Ne3 Ng6
28. Qf5 Qxf5 29. gxf5 Nf4 30. Kh2 Kf7 31. Kg3 b5 32. h4 b4 33. hxg5 bxc3 34.
bxc3 Ne2+ 35. Kg4 Nxc3 36. gxh6 gxh6 37. Kh5 Kg7 38. a3 Ne2 39. Nxd5 Nxd4 40.
Kg4 h5+ 41. Kxh5 Nxf5 42. Kg5 Nd4 43. Kf4 Kf7 44. Ke4 Nc6 45. Ne3 Ke6 46. Nxc4
a6 47. a4 a5 48. Kf4 Kd5 49. Ne3+ Kc5 50. e6 Kd6 51. Kf5 Nd4+ 52. Kf6 Nxe6 53.
Nc4+ Kc5 54. Nxa5 Kb4 55. Nc6+ Kxa4 56. Kxe6 1/2-1/2

[Event "4NCL 2011-12"]
[Site "Hinkley ENG"]
[Date "2012.05.06"]
[Round "10.162"]
[White "Ledger, Andrew J"]
[Black "Baburin, Alexander"]
[Result "0-1"]
[WhiteTitle "IM"]
[BlackTitle "GM"]
[WhiteElo "2424"]
[BlackElo "2535"]
[WhiteTeam "Blackthorne Russia"]
[BlackTeam "Wood Green Hilsmark"]
[WhiteFideId "400610"]
[BlackFideId "2500914"]
[EventDate "2011.11.12"]

1. d4 d5 2. c4 dxc4 3. e4 Nc6 4. Nf3 Bg4 5. Bxc4 e6 6. Be3 Bxf3 7. gxf3 Qf6 8.
Bb5 Bb4+ 9. Nc3 Ne7 10. a3 Ba5 11. e5 Qh4 12. Rg1 Qxh2 13. Rg4 O-O-O 14. Qb3
Qh1+ 15. Bf1 Qxf3 16. Rf4 Qh5 17. Bg2 Nd5 18. Rf3 f6 19. exf6 gxf6 20. O-O-O
Bxc3 21. bxc3 Rhg8 22. Rh1 Qf7 23. Bf1 e5 24. Rfh3 Rg7 25. Bh6 Nb6 26. Kb2 Qxb3+
27. Kxb3 Rf7 28. dxe5 Nxe5 29. Be3 Nd5 30. Rxh7 Rxh7 31. Rxh7 Nxe3 32. fxe3 a6
33. Bh3+ Kb8 34. Bf5 Rd1 35. Rh8+ Ka7 36. Rf8 Rd6 37. Rc8 Kb6 38. Re8 Nc6 39. e4
Rd2 40. Re6 Kc5 41. Rxf6 Na5+ 42. Ka4 Nc4 0-1

[Event "4NCL 2011-12"]
[Site "Hinkley ENG"]
[Date "2012.05.06"]
[Round "10.163"]
[White "Trent, Lawrence"]
[Black "Hunt, Harriet V"]
[Result "0-1"]
[WhiteTitle "IM"]
[BlackTitle "IM"]
[WhiteElo "2433"]
[BlackElo "2454"]
[WhiteTeam "Wood Green Hilsmark 2"]
[BlackTeam "Blackthorne Russia"]
[WhiteFideId "408638"]
[BlackFideId "403512"]
[EventDate "2011.11.12"]

1. e4 c6 2. c4 d5 3. cxd5 cxd5 4. exd5 Nf6 5. Qa4+ Nbd7 6. Nc3 g6 7. Bc4 Bg7 8.
d3 O-O 9. Nf3 a6 10. Qa3 Nb6 11. Qb3 Nxc4 12. dxc4 b5 13. O-O bxc4 14. Qxc4 Bb7
15. Rd1 Rc8 16. Qh4 Bxd5 17. Bg5 Rc5 18. Qb4 Qc8 19. Bxf6 Bxf3 20. Bxg7 Rg5 21.
Bxf8 Rxg2+ 22. Kf1 Rg1+ 0-1

[Event "4NCL 2011-12"]
[Site "Hinkley ENG"]
[Date "2012.05.06"]
[Round "10.164"]
[White "Ansell, Simon T"]
[Black "Houska, Jovanka"]
[Result "1/2-1/2"]
[WhiteTitle "IM"]
[BlackTitle "IM"]
[WhiteElo "2389"]
[BlackElo "2415"]
[WhiteTeam "Blackthorne Russia"]
[BlackTeam "Wood Green Hilsmark"]
[WhiteFideId "402141"]
[BlackFideId "405094"]
[EventDate "2011.11.12"]

1. e4 c6 2. d4 d5 3. e5 Bf5 4. Be3 e6 5. Nd2 Nd7 6. f4 h5 7. Ngf3 Nh6 8. Be2 Be7
9. h3 Rc8 10. O-O c5 11. c3 Qb6 12. Qb3 c4 13. Qxb6 Nxb6 14. Bd1 Bd3 15. Re1 Kd7
16. Bf2 f6 17. Nf1 Nf7 18. Ne3 f5 19. h4 Nh6 20. Nd2 Ng4 21. Nxg4 hxg4 22. g3 a6
23. a4 a5 24. Nb1 Na8 25. Na3 Bxa3 26. Rxa3 Rc6 27. Be3 Rb6 28. Bc1 Nc7 29. Kf2 1/2-1/2

[Event "4NCL 2011-12"]
[Site "Hinkley ENG"]
[Date "2012.05.06"]
[Round "10.165"]
[White "Ward, Chris G"]
[Black "Duncan, Chris R"]
[Result "1/2-1/2"]
[WhiteTitle "GM"]
[BlackTitle "FM"]
[WhiteElo "2448"]
[BlackElo "2315"]
[WhiteTeam "Wood Green Hilsmark 1"]
[BlackTeam "Blackthorne Russia"]
[WhiteFideId "400203"]
[BlackFideId "403091"]
[EventDate "2011.11.12"]

1. d4 d5 2. c4 c6 3. Nf3 Nf6 4. Nc3 dxc4 5. a4 c5 6. d5 Bf5 7. a5 g6 8. Qa4+ Bd7
9. Qxc4 Na6 10. e4 Nb4 11. Bd3 Bg7 12. Bb1 Rc8 13. O-O O-O 14. h3 e6 15. Bg5 h6
16. Bh4 exd5 17. exd5 Re8 18. Rd1 Qe7 19. Ra3 a6 20. d6 Qe6 21. Ba2 Nxa2 22.
Qxa2 c4 1/2-1/2

[Event "4NCL 2011-12"]
[Site "Hinkley ENG"]
[Date "2012.05.06"]
[Round "10.166"]
[White "Ledger, Dave J"]
[Black "Arakhamia-Grant, Ketevan"]
[Result "0-1"]
[WhiteTitle "FM"]
[BlackTitle "GM"]
[WhiteElo "2228"]
[BlackElo "2443"]
[WhiteTeam "Blackthorne Russia"]
[BlackTeam "Wood Green Hilsmark 1"]
[WhiteFideId "401986"]
[BlackFideId "13600168"]
[EventDate "2011.11.12"]

1. e4 d5 2. exd5 Qxd5 3. Nc3 Qd6 4. d4 Nf6 5. Nf3 c6 6. Bd3 Bg4 7. Be3 Nbd7 8.
Qe2 e6 9. O-O-O Be7 10. Kb1 O-O 11. h3 Bf5 12. Bxf5 exf5 13. Qd3 g6 14. Bg5 b5
15. Rhe1 b4 16. Na4 Rfe8 17. Nd2 Bf8 18. g3 Qd5 19. c4 bxc3 20. Nxc3 Qa5 21. Nc4
Qb4 22. Bxf6 Nxf6 23. Ne5 Rab8 24. Qc2 Re6 25. g4 fxg4 26. hxg4 Nd5 27. Nxd5
cxd5 28. Re3 Bh6 29. Rb3 Qd6 30. Rxb8+ Qxb8 31. Rh1 Bf4 32. Nd7 Qe8 33. Qa4 Re1+
34. Rxe1 Qxe1+ 35. Kc2 Qxf2+ 36. Kb3 Qe3+ 37. Kc2 Qd2+ 38. Kb3 Qd3+ 39. Kb4 Bd6+
40. Ka5 Bc7+ 0-1

[Event "4NCL 2011-12"]
[Site "Hinkley ENG"]
[Date "2012.05.06"]
[Round "10.167"]
[White "Hanley, Craig A"]
[Black "Webb, Laurence E"]
[Result "1/2-1/2"]
[WhiteTitle "IM"]
[BlackTitle "FM"]
[WhiteElo "2415"]
[BlackElo "2283"]
[WhiteTeam "Wood Green Hilsmark"]
[BlackTeam "Blackthorne Russia"]
[WhiteFideId "408514"]
[BlackFideId "402389"]
[EventDate "2011.11.12"]

1. d4 Nf6 2. c4 e6 3. g3 c5 4. d5 exd5 5. cxd5 b5 6. Bg2 d6 7. e4 Be7 8. e5 Nfd7
9. exd6 Bxd6 10. Qe2+ Qe7 11. Bf4 Ne5 12. Bxe5 Qxe5 13. Nc3 Nd7 14. O-O-O Qxe2
15. Ngxe2 Rb8 16. Ne4 Be5 17. f4 Bf6 18. Nd6+ Ke7 19. Nf5+ Kf8 20. Nc3 Bxc3 21.
bxc3 Nf6 22. Nd6 Bd7 23. Rhe1 Rb6 24. Ne4 Nxe4 25. Rxe4 Rd6 26. a4 a6 27. axb5
axb5 28. Rd2 g6 29. Ra2 Kg7 30. Ra7 Kf6 31. Re2 h5 32. Bf3 Rb8 33. Rea2 Bg4 34.
Bg2 Re8 35. h3 Re1+ 36. Kd2 Re2+ 37. Kc1 Re1+ 38. Kd2 Re2+ 39. Kc1 Re1+ 40. Kd2 1/2-1/2

[Event "4NCL 2011-12"]
[Site "Hinkley ENG"]
[Date "2012.05.06"]
[Round "10.168"]
[White "Ledger, Stephen C"]
[Black "Pein, Malcolm"]
[Result "0-1"]
[BlackTitle "IM"]
[WhiteElo "2107"]
[BlackElo "2382"]
[WhiteTeam "Blackthorne Russia"]
[BlackTeam "Wood Green Hilsmark 2"]
[WhiteFideId "404470"]
[BlackFideId "400289"]
[EventDate "2011.11.12"]

1. d4 c5 2. dxc5 e6 3. Nd2 Bxc5 4. Ne4 Nf6 5. Nxc5 Qa5+ 6. c3 Qxc5 7. Nf3 Nc6 8.
g3 Ng4 9. e3 b6 10. Bg2 Ba6 11. Qa4 Bc4 12. h3 Nf6 13. Bd2 O-O 14. Qc2 Ba6 15.
Qa4 Bb5 16. Qh4 d5 17. b4 Qd6 18. Nd4 Nxd4 19. exd4 e5 20. Bf1 Bxf1 21. Kxf1 Ne4
22. Rd1 exd4 23. cxd4 Nxd2+ 24. Rxd2 Qxb4 25. Re2 Qc4 0-1